| 000 -CABECERA |
| Campo de control de longitud fija |
00767nam a22001937a 4500 |
| 005 - FECHA Y HORA DE LA ÚLTIMA TRANSACCIÓN |
| Campo de control |
20211124120506.0 |
| 008 - CAMPO FIJO DE DESCRIPCIÓN FIJA--INFORMACIÓN GENERAL |
| Campo de control de longitud fija |
211124b ||||| |||| 00| 0 eng d |
| 020 ## - ISBN (INTERNATIONAL STANDARD BOOK NUMBER) |
| ISBN |
9788494637636 |
| 040 ## - FUENTE DE CATALOGACIÓN |
| Agencia de catalogación original |
CDMR |
| 245 ## - MENCIÓN DE TÍTULO |
| Título |
Yo quiero un tebeo : |
| Parte restante del título |
homenaje a una publicación centenaria, 1917-2017 |
| Mención de responsabilidad, etc. |
/ Antonio Altarriba [i 13 més] ; coordinador: Manuel Barrero |
| 260 ## - PUBLICACIÓN, DISTRIBUCIÓN, ETC (PIE DE IMPRENTA) |
| Lugar de publicación, distribución, etc. |
Barcelona: |
| Nombre del editor, distribuidor, etc. |
Asociación Cultural Tebeoesfera : Diminuta Editorial, |
| Fecha de publicación, distribución, etc. |
2017 |
| 300 ## - DESCRIPCIÓN FÍSICA |
| Extensión |
286 pàgines : |
| Otros detalles físicos |
il·lustracions; |
| Dimensiones |
24 cm |
| 490 ## - MENCIÓN DE SERIE |
| Mención de serie |
Perifèrics; |
| Número de volumen/designación secuencial |
3 |
| 610 20 - ASIENTO SECUNDARIO DE MATERIA--NOMBRE CORPORATIVO |
| 9 (RLIN) |
4267 |
| Nombre corporativo o nombre de la jurisdicción como elemento de entrada |
TBO (Revista) |
| Subdivisión general |
Història |
| 650 #0 - ASIENTO SECUNDARIO DE MATERIA--TÉRMINO DE MATERIA |
| 9 (RLIN) |
3313 |
| Nombre de materia o nombre geográfico como elemento de entrada |
Còmics |
| Subdivisión geográfica |
Espanya |
| Subdivisión general |
Història i crítica |
| 650 #0 - ASIENTO SECUNDARIO DE MATERIA--TÉRMINO DE MATERIA |
| 9 (RLIN) |
3162 |
| Nombre de materia o nombre geográfico como elemento de entrada |
Humorisme gràfic |
| Subdivisión geográfica |
Espanya |
| Subdivisión general |
Història |
| 710 ## - ENCABEZAMIENTO SECUNDARIO--NOMBRE CORPORATIVO |
| 9 (RLIN) |
4731 |
| Nombre corporativo o de jurisdicción como elemento de entrada |
Asociacion Cultural Tebeosfera |
| 942 ## - ELEMENTOS KOHA |
| Fuente de clasificación o esquema de ordenación en estanterías |
|
| Koha tipo de item |
Monografies |